| 000 | 00763nam a2200241Ia 4500 | ||
|---|---|---|---|
| 003 | GCL | ||
| 008 | 140319s9999 xx 000 0 ara d | ||
| 040 |
_aGCL / _cGCL |
||
| 082 | 0 | 4 |
_a301.161 _bع م |
| 100 | 1 | _aسامية سليمان رزق | |
| 245 | 1 | 0 |
_aموقف برامج المرأة ازاء قضاياها العاصرة / _cسامية سليمان رزق |
| 260 |
_a[S.N] : _bدار الحداثة ، _c1989 |
||
| 300 | _a574 ص | ||
| 490 | _a | ||
| 650 | 0 | 4 | _aالمرأة |
| 650 | 0 | 4 | _aالمرأة فى الحياة العامة |
| 650 | 0 | 4 | _aالمرأة العاملة |
| 650 | 0 | 4 | _aالاجتماع |
| 650 | 0 | 4 | _aحقوق المرأة |
| 650 | 0 | 4 | _aالاعلام |
| 650 | 0 | 4 | _aالاتصال - علم اجتماع |
| 942 |
_2ddc _cBK |
||
| 999 |
_c29342 _d29342 |
||